Normal view
MARC view
Entry Personal Name
001 - CONTROL NUMBER
- control field: 17888
003 - CONTROL NUMBER IDENTIFIER
- control field: dpl
005 - DATE AND TIME OF LATEST TRANSACTION
- control field: 20100901123409.0
008 - FIXED-LENGTH DATA ELEMENTS
- fixed length control field: 100901|||a|||||| | ||| d
040 ## - CATALOGING SOURCE
- Original cataloging agency: dpl
- Transcribing agency: dpl
100 ## - HEADING--PERSONAL NAME
- Personal name: Binkar
670 ## - SOURCE DATA FOUND
- Source citation: Work cat.: (dpl)43295: Habib Ali Khan 17834, Instrumental Part 1
670 ## - SOURCE DATA FOUND
- Source citation: Work cat.: (dpl)43295: Habib Ali Khan 17834, Instrumental Part 1
